000 01847cam a22002894a 4500
005 20260322212044.0
008 data
010 _a 2005004503
020 _a0763729132
020 _a9780763729134
040 _aDNLM/DLC
_cDLC
_dDLC
042 _apcc
050 0 0 _aRT42
_b.I584 2006
060 1 0 _aWY 100
_bI6128 2006
082 0 0 _a610.73
_222
245 0 0 _aIntroduction to evidence-based practice in nursing and health care /
_c[edited by] Kathy Malloch, Tim Porter-O'Grady.
260 _aSudbury, MA :
_bJones and Bartlett Publishers,
_cc2006.
300 _axiv, 278 p. :
_c23 cm.
_bill.
504 _aIncludes bibliographical references and index.
505 0 _aA new age for practice: creating the framework for evidence / Tim Porter O'Grady -- A framework for nursing clinical inquiry: pathway toward evidenced-based nursing / Delora C. Sanares and Diane Heliker -- From nursing process to nursing synthesis: evidence-based nursing education / Marcia K. Flesner ... [et al.] -- Linking structure and healing: building architecture for evidence-based practice / Rosalyn Cama -- Living evidence: translating research into practice / Marie P. Farrell -- The journey to evidence: managing the information infrastructure / Robert C. Geibert -- Managing variance through an evidence-based framework for safe and reliable health care / Kathy A. Scott -- Partnership economics: evidence-based workload management / Tim Porter-O'Grady and Kathy Malloch -- Evidence-based practice and health policy: a match or a mismatch / Susan R. Cooper ... [et al.] -- Creating nursing system excellence through the forces of magnetism / Amy Steinbinder and Elaine Scherer.
650 2 _aEvidence-Based Medicine.
650 2 _aNursing Care.
650 2 _aNursing Research.
700 1 _aMalloch, Kathy.
700 1 _aPorter-O'Grady, Timothy.
001 data
999 _c1052
_d1052